[Event "Landesliga Nord 9596"]
[Site "Bayern"]
[Date "1996.??.??"]
[Round "?"]
[White "Strube, Frank"]
[Black "Koepf, Reinhard"]
[Result "1-0"]
[WhiteElo "2125"]
[BlackElo "1905"]
[PlyCount "83"]
[EventDate "1995.10.??"]
[EventType "team-tourn"]
[EventRounds "9"]
[EventCountry "GER"]
[SourceTitle "EXT 2020"]
[Source "ChessBase"]
[SourceDate "2019.10.17"]
[SourceVersion "1"]
[SourceVersionDate "2019.10.17"]
[SourceQuality "1"]
[WhiteTeam "Zirndorf"]
[BlackTeam "Nuernberg Grundig SC"]
[WhiteTeamCountry "GER"]
[BlackTeamCountry "GER"]

1. c4 e6 2. Nf3 d5 3. d4 f5 4. g3 Nf6 5. Bg2 c6 6. 0-0 Bd6 7. Nc3 0-0 8. b3 Nbd7 9. Bf4 Bb4 10. Qc2 Ne4 11. Nxe4 fxe4 12. Ne5 Nf6 13. f3 exf3 14. exf3 Bd7 15. Nd3 Be7 16. Rae1 Be8 17. Bh3 Bg6 18. Bxe6+ Kh8 19. c5 b6 20. cxb6 Qxb6 21. Qc3 a5 22. Nc5 Ra7 23. Rf2 h6 24. Bh3 Ng8 25. Qd2 Rd8 26. Be5 Bg5 27. f4 Bf6 28. Rfe2 Bh5 29. g4 Bg6 30. g5 Bxe5 31. Rxe5 h5 32. f5 Bh7 33. g6 Nf6 34. gxh7 Kxh7 35. Qf2 Qb4 36. Re7 Rxe7 37. Rxe7 Rg8 38. Rc7 Qb6 39. Re7 Qd8 40. Ra7 Qb6 41. Rb7 Qd8 42. Qg3 1-0

[Event "Landesliga Nord 9596"]
[Site "Bayern"]
[Date "1995.??.??"]
[Round "?"]
[White "Koepf, Reinhard"]
[Black "Gruenbeck, Andreas"]
[Result "1/2-1/2"]
[WhiteElo "1910"]
[BlackElo "1940"]
[PlyCount "36"]
[EventDate "1995.10.??"]
[EventType "team-tourn"]
[EventRounds "9"]
[EventCountry "GER"]
[SourceTitle "EXT 2020"]
[Source "ChessBase"]
[SourceDate "2019.10.17"]
[SourceVersion "1"]
[SourceVersionDate "2019.10.17"]
[SourceQuality "1"]
[WhiteTeam "Nuernberg Grundig SC"]
[BlackTeam "Regensburg DJK II"]
[WhiteTeamCountry "GER"]
[BlackTeamCountry "GER"]

1. c4 f5 2. Nc3 Nf6 3. g3 g6 4. Bg2 Bg7 5. d4 d6 6. b3 0-0 7. Nf3 c5 8. Bb2 Na6 9. 0-0 Kh8 10. Rb1 Bd7 11. dxc5 Nxc5 12. Nd5 Rb8 13. Ne1 b5 14. Nxf6 Bxf6 15. Bxf6+ Rxf6 16. Rc1 Qa5 17. Nd3 Nxd3 18. Qxd3 bxc4 1/2-1/2